| 000 | 00907nam a2200277 4500 | ||
|---|---|---|---|
| 003 | OSt | ||
| 005 | 20260530113859.0 | ||
| 008 | 260508b |||e|||| |||| 00| 0 spa d | ||
| 040 |
_aICI _bspa _cICI |
||
| 050 |
_aT210 _b.P38 2000 |
||
| 245 | 1 | 0 |
_aPatentes y Modelos de Utilidad : _bGuía del Usuario / |
| 264 | 1 |
_aMéxico : _bInstituto Mexicano de la Propiedad Industrial, _c1999 |
|
| 300 |
_a64 páginas : _bilustraciones |
||
| 336 |
_atexto _2rdacontent |
||
| 337 |
_asin medio _2rdamedia |
||
| 338 |
_avolumen _2rdacarrier |
||
| 650 |
_aPatentes _932097 |
||
| 650 |
_aPropiedad industrial _932098 |
||
| 650 |
_aDerechos de propiedad intelectual _932099 |
||
| 650 |
_aInnovación tecnológica _932100 |
||
| 650 |
_aModelos de utilidad _932101 |
||
| 650 |
_aLegislación industrial _932102 |
||
| 650 | _aMéxico | ||
| 710 | 2 |
_aInstituto Mexicano de la Propiedad Industrial _932103 |
|
| 942 |
_2lcc _cBK _n1 |
||
| 999 |
_c11725 _d11725 |
||